Central Library OPAC University of Rajshahi

International yearbook of education / (Record no. 33052)

MARC details
000 -LEADER
fixed length control field 00816nas a2200217 4500
001 - CONTROL NUMBER
control field 33052
003 - CONTROL NUMBER IDENTIFIER
rucl marc code BD-RjUL
005 - DATE AND TIME OF LATEST TRANSACTION
control field 20211209051934.0
008 - FIXED-LENGTH DATA ELEMENTS--GENERAL INFORMATION
fixed length control field 140429s1965 nu ar y 0uuua0eng
035 ## - SYSTEM CONTROL NUMBER
System control number (BD-RjUL)33142
-- 0363818
-- PITT NO. 4029900003
040 ## - CATALOGING SOURCE
Original cataloging agency DLC
Transcribing agency MUL
Modifying agency COO
-- HUL
-- BOS
-- BD-RjUL
Language of cataloging eng
041 ## - LANGUAGE CODE
Language code of text/sound track or separate title eng
082 00 - DEWEY DECIMAL CLASSIFICATION NUMBER
Edition number 21
Classification number 370.058
Author mark and year INI V-26 1965
110 14 - MAIN ENTRY--CORPORATE NAME
Corporate name or jurisdiction name as entry element the International Bureau of Education.
9 (RLIN) 159652
245 00 - TITLE STATEMENT
Title International yearbook of education /
Number of part/section of a work VOL. XXVI
Statement of responsibility, etc. the International Bureau of Education.
260 ## - PUBLICATION, DISTRIBUTION, ETC. (IMPRINT)
Place of publication, distribution, etc. Geneva :
Name of publisher, distributor, etc. Unesco,
Date of publication, distribution, etc. c1965.
300 ## - PHYSICAL DESCRIPTION
Pagination li, 435 p. ;
Size 24 cm.
490 1# - SERIES STATEMENT
Series statement Publication - United Nations Educational, Scientific and Cultural Organisation, International Bureau of Education.
650 #0 - SUBJECT ADDED ENTRY--TOPICAL TERM
Topical term or geographic name as entry element Education
General subdivision Handbooks, manuals, etc.
9 (RLIN) 62239
942 ## - ADDED ENTRY ELEMENTS (KOHA)
Source of classification or shelving scheme Dewey Decimal Classification
Koha item type Books
Holdings
Lost status Source of classification or shelving scheme Damaged status Not for loan Collection code Permanent Location Current Location Shelving location Date acquired Source of acquisition Cost, normal purchase price Total Checkouts Full call number Date last seen Copy number Koha item type
  Dewey Decimal Classification   Not For Loan Non-fiction Central Library, University of Rajshahi Central Library, University of Rajshahi Reading Room 04/02/1970 Zeitlinger 53.00   370.058 INI V-26 1965 29/04/2014 C-1 Books